000 00500nam a2200157 a 4500
001 000044738
005 20201002045605.0
008 150108s2007 dr c 000 0 spa d
020 _a9789945161595
040 _aDO-SdBNP
_bspa
_cBNPHU
100 1 _aPérez Bonilla
_d1955
_972741
245 1 0 _aÁmbitos del País E Higüey :
_bjurídico, electoral, gremial, social /
_cPérez Bonilla.
260 _aSanto Domingo :
_bMediabyte,
_c2007.
300 _a334 p. ;
_c23 cm.
504 _aBibliografía p: 327-334
999 _c44227
_d44227